Building law encyclopaedia /

Bibliographic Details
Main Author: Chappell, David (David M.)
Other Authors: Cowlin, Michael, Dunn, Michael
Format: eBook
Language:English
Published: Chichester, West Sussex ; Ames, Iowa : Wiley-Blackwell, 2009.
Series:Wiley online library.
Subjects:
Online Access:Connect to the full text of this electronic book

MARC

Tag First Indicator Second Indicator Subfields
LEADER 00000cam a2200000Ia 4500
001 in00002730833
005 20210727155954.0
006 m d
007 cr cn|||||||||
008 091209s2009 enk ob 000 0 eng d
020 |a 1444309897 
020 |a 9781444309898 
024 7 |a 10.1002/9781444309898  |2 doi 
029 1 |a AU@  |b 000046311338 
035 |a (OCoLC)476311797 
035 |a (OCoLC)ocn476311797 
035 |a 3923356 
037 |a 10.1002/9781444309898  |b Wiley InterScience  |n http://www3.interscience.wiley.com 
040 |a DG1  |b eng  |c DG1  |d DG1  |d TXA  |d UtOrBLW 
043 |a e-uk--- 
049 |a TXAM 
050 1 4 |a KD1140  |b .C484 2009eb 
082 0 4 |a 343.41/07869  |2 22 
100 1 |a Chappell, David  |q (David M.)  |0 http://id.loc.gov/authorities/names/no2008086530 
245 1 0 |a Building law encyclopaedia /  |c David Chappell, Michael Cowlin, Michael Dunn. 
246 3 |a Building law encyclopedia 
264 1 |a Chichester, West Sussex ;  |a Ames, Iowa :  |b Wiley-Blackwell,  |c 2009. 
300 |a 1 online resource (viii, 584 pages) 
336 |a text  |b txt  |2 rdacontent 
337 |a computer  |b c  |2 rdamedia 
338 |a online resource  |b cr  |2 rdacarrier 
500 |a Electronic resource. 
504 |a Includes bibliographical references. 
650 0 |a Building laws  |z Great Britain.  |0 http://id.loc.gov/authorities/subjects/sh2007102210 
655 7 |a Electronic books.  |2 local 
700 1 |a Cowlin, Michael.  |0 http://id.loc.gov/authorities/names/n2009036684 
700 1 |a Dunn, Michael.  |0 http://id.loc.gov/authorities/names/no2002001945 
776 1 |c Original  |z 9781405187244  |z 1405187247  |w (DLC) 2009023691  |w (OCoLC)326505814 
830 0 |a Wiley online library. 
856 4 0 |u http://proxy.library.tamu.edu/login?url=https://dx.doi.org/10.1002/9781444309898  |z Connect to the full text of this electronic book  |t 0 
948 |a cataloged  |b h  |c 2011/9/23  |d c  |e jlanham  |f 2:05:27 pm 
994 |a C0  |b TXA 
999 |a MARS 
999 f f |s 6491bb2c-f6b2-396f-841d-d83b923a9488  |i 7276a6d2-e9f1-3d56-96ac-b824223cd501  |t 0 
952 f f |a Texas A&M University  |b College Station  |c Electronic Resources  |d Available Online  |t 0  |e KD1140 .C484 2009eb  |h Library of Congress classification 
998 f f |a KD1140 .C484 2009eb  |t 0  |l Available Online